000 00621nam a2200217 a 4500
999 _c4491
_d4491
001 4491
003 BD-JhCC
005 20171128140736.0
008 171127s1964 bg |||| ||a| 000 0 ben d
035 _a(BD-JhCC)4491
040 _aBD-JhCC
_dBD-JhCC
041 _aben
082 _a892.4415
_bARA 1964
245 _aআরবী কাব্য তত্ত্ব /
_cআবু রুশদ (অনুদিত)
260 _aঢাকা :
_bবাংলা একাডেমী,
_c1964.
300 _a88 p. :
_c22 cm.
650 _a Poem
700 _aরুশদ, আবু
942 _2ddc
_cBK